| 000 | 01007nam a2200181Ia 4500 | ||
|---|---|---|---|
| 008 | 151202s9999||||xx |||||||||||||| ||und|| | ||
| 082 | _bPNVM-79736 | ||
| 100 | _aगुप्ता राहिला / अनु. काणे सुनीति. | ||
| 245 | _aएनस्लेव्हड-नव्या प्रकारची ब्रिटीश गुलामगिरी. | ||
| 260 | _b"मेहता पब्लिशिंग हाऊस,पुणे." | ||
| 260 | _c2009 | ||
| 300 | _a300 | ||
| 600 | _aगुप्ता राहिला / अनु. काणे सुनीति. | ||
| 630 | _aएनस्लेव्हड-नव्या प्रकारची ब्रिटीश गुलामगिरी. | ||
| 700 | _aगुप्ता राहिला / अनु. काणे सुनीति. | ||
| 730 | _aएनस्लेव्हड-नव्या प्रकारची ब्रिटीश गुलामगिरी. | ||
| 942 | _cBOOK | ||
| 999 |
_c1344345 _d1344342 |
||